000 00297nam a22001337a 4500
008 181031b xxu||||| |||| 00| 0 eng d
020 _a0071396985
041 _aeng
080 _a339
100 _a59
101 _aTRE
245 _aThe Market is Always Right
_cCafferty,Th.A
942 _2udc
_cBK
999 _c51298
_d51298